000 00898nmc a2200289 a 4500
003 AR-BaBNM
005 20251128203550.0
008 297019s1983 ||||||||||||||000 | spa||
020 _a950-07-0182-0
040 _cAR-BaBNM
100 1 _aCerro, Francisco
245 1 0 _aQué es el partido demócrata cristiano en la Argentina
260 _aBuenos Aires
_bSudamericana
_c1983
300 0 _a213 p.
_bláms., tablas
490 0 _aDe los partidos políticos nacionales
500 0 _aCronología para consultar p. 188-209.
600 1 4 _aCerro, Francisco
610 2 4 _aPartido Demócrata Cristiano [Argentina]
650 4 _aDEMOCRACIA
650 4 _aPARTIDOS POLITICOS ARGENTINOS
650 4 _aHISTORIA POLITICA ARGENTINA
650 4 _aHISTORIA DE LAS IDEAS
653 0 _aPROCESO DE REORGANIZACION NACIONAL
800 1 _aPerrone, Alberto M.
_edirector
942 _cBK
998 _cmariana
999 _c3954
_d3954